Luis Barragán, 1902-1988 / (Registro nro. 54603)

Detalles MARC
000 -LEADER
campo de control de longitud fija 01568cam a2200397 4500
003 - IDENTIFICADOR DE NÚMERO DE CONTROL
campo de control PE-LiUPU
005 - FECHA Y HORA DE LA ÚLTIMA TRANSACCIÓN
campo de control 20250731183437.0
020 ## - NÚMERO INTERNACIONAL ESTÁNDAR DEL LIBRO
Número Internacional Estándar del Libro 8837031815
035 ## - NÚMERO DE CONTROL DEL SISTEMA
Número de control de sistema (Sirsi) i9788837031817
035 ## - NÚMERO DE CONTROL DEL SISTEMA
Número de control de sistema (Sirsi) 48397
035 ## - NÚMERO DE CONTROL DEL SISTEMA
Número de control de sistema (Sirsi) 48397
041 ## - CÓDIGO DE IDIOMA
Código de lengua del texto/banda sonora o título independiente it
044 ## - CÓDIGO DEL PAÍS DE LA ENTIDAD EDITORA/PRODUCTORA
Código MARC del país it
082 04 - NÚMERO DE LA CLASIFICACIÓN DECIMAL DEWEY
Número de clasificación 720.9
Cutter R58
100 1# - ENTRADA PRINCIPAL--NOMBRE DE PERSONA
Nombre de persona Riggen Martínez, Antonio
245 ## - MENCIÓN DEL TÍTULO
Título Luis Barragán, 1902-1988 /
Mención de responsabilidad, etc. Antonio Riggen Martínez.
264 #1 - PRODUCCIÓN, PUBLICACIÓN, DISTRIBUCIÓN, FABRICACIÓN Y COPYRIGHT
Producción, publicación, distribución, fabricación y copyright Milano :
Nombre del de productor, editor, distribuidor, fabricante Electa,
Fecha de producción, publicación, distribución, fabricación o copyright 1996
300 ## - DESCRIPCIÓN FÍSICA
Extensión 255 páginas :
Otras características físicas ilustraciones ;
Dimensiones 29 cm.
504 ## - NOTA DE BIBLIOGRAFÍA, ETC.
Nota de bibliografía, etc. Incluye referencias bibliográficas.
505 0# - NOTA DE CONTENIDO CON FORMATO
Nota de contenido con formato Il baleno della bellezza -- Introduzione a Barragán -- Guadalajara, tapatíos, mediterraneitá (1924 -- 1934) La villa per Efraín González Luna -- Bargán e la sua cittá (1945 -- 1952) Los jardines del pedregal -- Alla ricerca di Minguilla.
526 ## - NOTA DE INFORMACIÓN SOBRE EL PROGRAMA DE ESTUDIO
Nombre del programa Maestría Bim Facility Management (A distancia)
526 ## - NOTA DE INFORMACIÓN SOBRE EL PROGRAMA DE ESTUDIO
Nombre del programa
526 ## - NOTA DE INFORMACIÓN SOBRE EL PROGRAMA DE ESTUDIO
Nombre del programa Educación musical y artes
526 ## - NOTA DE INFORMACIÓN SOBRE EL PROGRAMA DE ESTUDIO
Nombre del programa Educación, especialidad educación física
526 ## - NOTA DE INFORMACIÓN SOBRE EL PROGRAMA DE ESTUDIO
Nombre del programa Arquitectura
596 ## -
-- 1
600 ## - PUNTO DE ACCESO ADICIONAL DE MATERIA--NOMBRE DE PERSONA
Nombre de persona Barragan, Luis
Fechas asociadas al nombre 1902-1988
650 14 - PUNTO DE ACCESO ADICIONAL DE MATERIA--TÉRMINO DE MATERIA
Término de materia o nombre geográfico como elemento de entrada Arquitectos
Subdivisión geográfica México
Subdivisión de forma Biografía
700 1# - ENTRADA AGREGADA--NOMBRE PERSONAL
Nombre de persona Barragan, Luis
Fechas asociadas al nombre 1902-1988.
859 ## - INFORMACIÓN DE CONTROL LOCAL (RLIN)
-- 66342
-- 720.9
-- R58
942 ## - ELEMENTOS DE ENTRADA SECUNDARIOS (KOHA)
Fuente del sistema de clasificación o colocación Clasificación Decimal Dewey
Tipo de ítem Koha
949 ## - PROCESAMIENTO DE INFORMACIÓN LOCAL (OCLC)
a 720.9 R58
i 66342
l CCODEBUL1
m BUL
t LIBRO
o .STAFF. Colección general
910 ## - DATOS DE OPCIÓN DEL USUARIO (OCLC)
Datos de opción del usuario fsr
--
-- jck
-- 20130108
999 ## - NÚMEROS DE CONTROL DE SISTEMA (KOHA)
-- DEWEY
-- 66342
-- 2019-8-25
-- 2021-11-9
-- 7
-- CCODEBUL1
-- BUL
-- 5
-- 124.00
-- 3
-- 0
-- Y
-- BOOK
-- 2015-7-6
-- INGENIERIA
-- P06
-- COMPRA
-- .STAFF. Colección General
980 ## - EQUIVALENCIA O REFERENCIA-CRUZADA-MENCIÓN DE SERIE--NOMBRE DE PERSONA/TÍTULO [LOCAL, CANADÁ]
ID del último usuario que modificó el registro 1
Nombre del último usuario que modificó el registro ALBERTO SANCHEZ Responsable de Automatización
Existencias
Visto por última vez Número de inventario Total de préstamos Signatura topográfica completa Código de barras Fecha del último préstamo Copia número Coste, precio de reemplazo Fecha de reemplazo Facultad Tipo de ítem Koha Nota pública Estado de pérdida Fuente del sistema de clasificación o colocación Restricciones de uso No para préstamo Colección Programa académico Biblioteca de origen Biblioteca actual Ubicación en estantería Fecha de adquisición Fuente de adquisición Coste, precio normal de compra
2025-12-02 8 5 720.9 R58 66342 2019-08-25 e1 129.00 2015-07-06 FIA Libros físicos inventario-2023-12-13 No Perdido Clasificación Decimal Dewey No restringido Disponible para préstamos Colección General Arquitectura Biblioteca CRAI UPeU Lima Biblioteca CRAI UPeU Lima Sala principal 2015-07-06 COMPRA 124.00